000 00553nam a2200193Ia 4500
005 20250923144237.0
008 008 250917s9999 xx 000 0 eng d
037 _aTextual
040 _aDSWL
_beng
_cDSWL
041 _aeng
_2eng
084 _aV73:1:N4, H5
_qDSWL
100 _aNevins, A Commager H.S
_9822775
245 0 _aPocket history of the united states
_cby A Nevins
260 _aNew York
_c1947
300 _a502 p.
700 _aH.S Commager
_9822776
942 _cTEXL
_hV73:1:N4, H5
999 _c1436518
_d1436518